Name the NCAA Logos #1 - Statistics

General Stats
  • This quiz has been taken 35 times
  • The average score is 19 of 20
Answer Stats
Picture Answer % Correct
Alabama
100%
Arizona
100%
Clemson
100%
Harvard
100%
Indiana
100%
Michigan
100%
North Carolina
100%
Ohio State
100%
Oregon
100%
Purdue
100%
Washington
100%
Boston College
96%
Duke
96%
Florida State
96%
Penn State
96%
Rutgers
96%
BYU
93%
Miami (FL)
93%
SMU
89%
Pitt
61%
No matching quizzes found
Score Distribution
Percent of People with Each Score
Percentile by Number Answered
Your Score History
You have not taken this quiz